| 000 | 00811nam a2200217 u 4500 | ||
|---|---|---|---|
| 005 | 20210223131314.0 | ||
| 008 | 100611m19982007es r 000 0 spa d | ||
| 020 | _a9788431644710 | ||
| 035 | _aUPN01000176471 | ||
| 049 | _aCG | ||
| 050 | 4 |
_aBL820 O3 _bS8.2 |
|
| 100 | 1 |
_aSutcliff, Rosemary, _d1920-1992 _931048 |
|
| 245 | 1 | 4 |
_aLas aventuras de Ulises : _bla historia de la Odisea de Homero / _cRosemary Sutcliff ; il. Alan Lee ; tr. José Luis López Muñoz. |
| 260 |
_aBarcelona, Esp. : _bVicens Vives, _c1998 (2007 impr.). |
||
| 300 |
_a170 p. : _bil. col. |
||
| 440 | 0 |
_aClásicos adaptados ; _v2 |
|
| 534 |
_pTítulo original: _tThe wanderings of odysseus |
||
| 650 | 4 |
_aODISEO (MITOLOGIA GRIEGA) - _vLITERATURA JUVENIL _96752 |
|
| 650 | 4 |
_aMITOLOGIA GRIEGA - _vLITERATURA JUVENIL _911917 |
|
| 905 | _aLibro | ||
| 999 |
_c148574 _d148574 |
||